Un libro para las damas : (Record no. 165420)

MARC details
000 -LEADER
campo de control de longitud fija 00613nam a22001815i 4500
001 - NÚMERO DE CONTROL
campo de control 165420
003 - IDENTIFICADOR DE NÚMERO DE CONTROL
campo de control ES-MaACL
005 - FECHA Y HORA DE LA ÚLTIMA TRANSACCIÓN
campo de control 20230906213132.0
008 - DATOS DE LONGITUD FIJA--INFORMACIÓN GENERAL
campo de control de longitud fija 981001s1875 sp |||| | spa d
080 ## - NÚMERO DE LA CLASIFICACIÓN DECIMAL UNIVERSAL
Número de la Clasificación Decimal Universal 171-055.2
100 1# - ENTRADA PRINCIPAL--NOMBRE DE PERSONA
Nombre de persona Sinués, María del Pilar.
9 (RLIN) 146793
245 13 - MENCIÓN DEL TÍTULO
Título Un libro para las damas :
Resto del título estudios acerca de la educación de la mujer /
Mención de responsabilidad, etc. escritos por María del Pilar Sinués.
260 ## - PUBLICACIÓN, DISTRIBUCIÓN, ETC.
Lugar de publicación, distribución, etc. Madrid :
Nombre del editor, distribuidor, etc. A. de Carlos e Hijo,
Fecha de publicación, distribución, etc. 1875.
300 ## - DESCRIPCIÓN FÍSICA
Extensión 392 p. ;
Dimensiones 23 cm.
650 #4 - PUNTO DE ACCESO ADICIONAL DE MATERIA--TÉRMINO DE MATERIA
Término de materia o nombre geográfico como elemento de entrada Mujeres-
Subdivisión general Moral práctica.
9 (RLIN) 154966
752 ## - ENTRADA AGREGADA--NOMBRE JERÁRQUICO DEL LUGAR
País o entidad superior España -
Ciudad Madrid
852 4# - LOCALIZACIÓN
Ubicación ES-MaACL
Número de control de estantería G-8096
Nota libre - Enc. hol.
Holdings
Estatus retirado Estado de pérdida Estado de daño No para préstamo Colección Biblioteca de origen Biblioteca actual Ubicación en estantería Fecha de adquisición Fuente de adquisición Total de préstamos Signatura topográfica completa Código de barras Visto por última vez Precio de reemplazo Tipo de ítem Koha
        Libros del s. XIX Biblioteca del Ateneo de Madrid Biblioteca del Ateneo de Madrid Sala Pecera Planta 3 17/01/2008     G-8096 1173465 23/02/2023 23/02/2023 Libro impreso antiguo